[Event "Wch U16"]
[Site "Vung Tau"]
[Date "2008.10.24"]
[Round "6"]
[White "Ivanov L, Stojan"]
[Black "Kavinda, Akila"]
[Result "1-0"]
[WhiteElo "2134"]
[BlackElo "1984"]
[PlyCount "71"]
[EventDate "2008.10.20"]
[EventType "swiss"]
[EventRounds "11"]
[EventCountry "VIE"]
[SourceTitle "EXT 2009"]
[Source "ChessBase"]
[SourceDate "2008.11.26"]
[SourceVersion "1"]
[SourceVersionDate "2008.11.26"]
[SourceQuality "1"]

1. e4 c5 2. Nf3 d6 3. d4 cxd4 4. Nxd4 Nf6 5. Nc3 a6 6. Bc4 e6 7. Bb3 Be7 8. 0-0 Nc6 9. Be3 0-0 10. f4 Qc7 11. f5 Nxd4 12. Bxd4 b5 13. a3 Kh8 14. g4 Bb7 15. g5 Nxe4 16. Nxe4 e5 17. f6 gxf6 18. gxf6 Bxe4 19. fxe7 Qxe7 20. Bf2 Rg8+ 21. Bg3 Rxg3+ 22. hxg3 Rg8 23. Kf2 Qg5 24. Rg1 Qh6 25. Qe1 Rg4 26. Kf1 Qh3+ 27. Ke2 Qh6 28. Qf2 f5 29. Rad1 Rg6 30. Bd5 Bxc2 31. Rc1 Ba4 32. Rc8+ Kg7 33. Qa7+ Kf6 34. Qf7+ Kg5 35. Qe7+ Rf6 36. Rg8+ 1-0

[Event "Wch U16"]
[Site "Vung Tau"]
[Date "2008.10.23"]
[Round "5"]
[White "Skoda, Martin"]
[Black "Ivanov L, Stojan"]
[Result "1-0"]
[WhiteElo "2001"]
[BlackElo "2134"]
[PlyCount "165"]
[EventDate "2008.10.20"]
[EventType "swiss"]
[EventRounds "11"]
[EventCountry "VIE"]
[SourceTitle "EXT 2009"]
[Source "ChessBase"]
[SourceDate "2008.11.26"]
[SourceVersion "1"]
[SourceVersionDate "2008.11.26"]
[SourceQuality "1"]

1. e4 c5 2. Nf3 d6 3. d4 cxd4 4. Nxd4 Nf6 5. Nc3 a6 6. Be3 e5 7. Nb3 Be6 8. f4 exf4 9. Bxf4 Nc6 10. Qe2 Nd7 11. 0-0-0 Nce5 12. h3 Be7 13. Kb1 Rc8 14. Nd5 Bxd5 15. exd5 0-0 16. g4 Re8 17. Qg2 Bg5 18. Bxg5 Qxg5 19. Nd4 Nb6 20. b3 Ng6 21. c4 Nf4 22. Qf2 Qe5 23. Nc2 Nd7 24. Bd3 Nc5 25. Bf5 Ne2 26. Rde1 Nc3+ 27. Ka1 Ne2+ 28. Kb1 Nc3+ 29. Ka1 Ne2+ 30. Kb1 Ne4 31. Bxe4 Nc3+ 32. Ka1 Nxe4+ 33. Qd4 Qxd4+ 34. Nxd4 g6 35. Re3 Kf8 36. Rf1 Nd2 37. Rxe8+ Rxe8 38. Rf2 Ne4 39. Rf1 Ng3 40. Rf3 Ne4 41. h4 Kg7 42. g5 Nc5 43. Rf6 Ne4 44. Rf3 Nc5 45. Rf6 Re4 46. Nf3 Re3 47. Kb2 Ne4 48. Rf4 Re2+ 49. Ka3 Nc5 50. Rf6 Rf2 51. Rf4 Nd3 52. Rf6 Nc1 53. Kb4 Nxa2+ 54. Ka5 Nc1 55. Kb6 Nxb3 56. Nd4 Rb2 57. Nxb3 Rxb3+ 58. Kc7 Rb4 59. Rxd6 Rxc4+ 60. Kxb7 a5 61. Ra6 Kf8 62. Rc6 Rxh4 63. Kc8 Rg4 64. d6 Rxg5 65. d7 Rd5 66. d8Q+ Rxd8+ 67. Kxd8 h5 68. Kd7 h4 69. Kd6 Kg7 70. Ke5 a4 71. Kf4 f6 72. Kg4 g5 73. Kh5 Kf7 74. Ra6 Ke7 75. Rxa4 Ke6 76. Kg4 Ke5 77. Ra5+ Ke6 78. Kh5 Kd6 79. Rf5 Ke6 80. Rb5 Kd6 81. Kg4 Ke6 82. Ra5 Kd6 83. Kf5 1-0

[Event "Wch U16"]
[Site "Vung Tau"]
[Date "2008.10.21"]
[Round "2"]
[White "Ivanov L, Stojan"]
[Black "Lee, Kiyul"]
[Result "0-1"]
[WhiteElo "2134"]
[BlackElo "1952"]
[PlyCount "42"]
[EventDate "2008.10.20"]
[EventType "swiss"]
[EventRounds "11"]
[EventCountry "VIE"]
[SourceTitle "EXT 2009"]
[Source "ChessBase"]
[SourceDate "2008.11.26"]
[SourceVersion "1"]
[SourceVersionDate "2008.11.26"]
[SourceQuality "1"]

1. e4 e5 2. Nf3 Nc6 3. Bb5 a6 4. Ba4 Nf6 5. 0-0 Nxe4 6. d4 exd4 7. Re1 d5 8. Nxd4 Bd6 9. g3 0-0 10. Nxc6 bxc6 11. Bxc6 Qf6 12. Rxe4 Bc5 13. Bxd5 Qxf2+ 14. Kh1 Rd8 15. Nc3 Bh3 16. Re8+ Rxe8 17. Bf4 Rad8 18. Qd2 Bg2+ 19. Bxg2 Rxd2 20. Bxd2 Qxd2 21. Ne4 Qxc2 0-1

[Event "Kesarovski Georgiev Memorial 7th"]
[Site "Sunny Beach"]
[Date "2008.09.13"]
[Round "8"]
[White "Pezelj, Novak"]
[Black "Ivanov L, Stojan"]
[Result "1-0"]
[WhiteElo "2334"]
[BlackElo "2099"]
[PlyCount "121"]
[EventDate "2008.09.08"]
[EventType "swiss"]
[EventRounds "9"]
[EventCountry "BUL"]
[SourceTitle "CBM 126 Extra"]
[Source "ChessBase"]
[SourceDate "2008.11.05"]
[SourceVersion "1"]
[SourceVersionDate "2008.11.05"]
[SourceQuality "1"]

1. e4 c5 2. Nf3 d6 3. c3 Nf6 4. h3 Nbd7 5. Bd3 b6 6. 0-0 Bb7 7. Re1 e6 8. Qc2 Be7 9. Bf1 Qc7 10. d3 0-0 11. Bf4 Rfd8 12. Nbd2 Rac8 13. Rad1 Qb8 14. Qb3 Qa8 15. Bh2 Nf8 16. a4 Bc6 17. Ra1 Ng6 18. Qc2 e5 19. Nc4 Nf8 20. Nfd2 Ne6 21. Ne3 Bf8 22. Ndc4 Qb8 23. Be2 h5 24. Bf3 g6 25. Bg3 Bh6 26. Nd5 Bxd5 27. exd5 Nf4 28. Ne3 Qc7 29. Bh4 Kg7 30. Kh2 Qd7 31. Qd1 Rh8 32. Bg3 Bg5 33. Kg1 h4 34. Bxf4 Bxf4 35. Nc4 Nh7 36. Qb3 f5 37. Qb5 Qe7 38. a5 Ng5 39. axb6 Nxf3+ 40. gxf3 axb6 41. Qxb6 Qg5+ 42. Kf1 Qh5 43. Qxd6 Qxf3 44. Nxe5 Qxh3+ 45. Ke2 Bxe5 46. Qxe5+ Kh6 47. Ra6 Rb8 48. c4 Qg2 49. Rc6 Rbe8 50. Re6 Rb8 51. Qf6 Kh5 52. Rh1 Qg4+ 53. Kd2 Qf4+ 54. Kc3 Rhg8 55. Re4 Rb3+ 56. Kxb3 Qb8+ 57. Kc3 Qb4+ 58. Kc2 Qa4+ 59. Kd2 Qb4+ 60. Ke2 g5 61. Rhxh4+ 1-0

[Event "Kesarovski Georgiev Memorial 7th"]
[Site "Sunny Beach"]
[Date "2008.09.10"]
[Round "3"]
[White "Ivanov L, Stojan"]
[Black "Andonovski, Ljubisa"]
[Result "1/2-1/2"]
[WhiteElo "2099"]
[BlackElo "2300"]
[PlyCount "117"]
[EventDate "2008.09.08"]
[EventType "swiss"]
[EventRounds "9"]
[EventCountry "BUL"]
[SourceTitle "CBM 126 Extra"]
[Source "ChessBase"]
[SourceDate "2008.11.05"]
[SourceVersion "1"]
[SourceVersionDate "2008.11.05"]
[SourceQuality "1"]

1. e4 c5 2. Nf3 e6 3. d4 cxd4 4. Nxd4 Nc6 5. Nc3 Qc7 6. Be3 a6 7. Bd3 Nf6 8. 0-0 h5 9. h3 b5 10. Nxc6 Qxc6 11. a3 Bb7 12. Qe2 h4 13. Rfe1 Be7 14. Qf1 Qc7 15. Qe2 Bc6 16. Bg5 d6 17. Rad1 Nh5 18. Qg4 Bxg5 19. Qxg5 Qe7 20. Qe3 e5 21. Be2 Nf4 22. Qb6 Rc8 23. Bg4 Qc7 24. Qxc7 Rxc7 25. Rxd6 Ke7 26. Rd2 Rb8 27. g3 hxg3 28. fxg3 Ng6 29. Bf5 Nf8 30. Ree2 f6 31. Nd5+ Bxd5 32. Rxd5 Rd8 33. Rxd8 Kxd8 34. Rd2+ Ke7 35. Kf2 Rc4 36. Ke3 Ne6 37. Bxe6 Kxe6 38. c3 Rc8 39. Kf3 g6 40. g4 Rh8 41. Kg3 Rc8 42. h4 a5 43. h5 gxh5 44. gxh5 b4 45. axb4 axb4 46. cxb4 Rc4 47. Rh2 Kf7 48. h6 Kg8 49. h7+ Kh8 50. Rh6 Rxe4 51. Rxf6 Rxb4 52. Rh6 Rxb2 53. Kf3 Rb7 54. Ke4 Rxh7 55. Re6 Rh5 56. Re7 Kg8 57. Kd5 Kf8 58. Rxe5 Rxe5+ 59. Kxe5 1/2-1/2

[Event "Kesarovski Georgiev Memorial 7th"]
[Site "Sunny Beach"]
[Date "2008.09.10"]
[Round "4"]
[White "Ivanov L, Stojan"]
[Black "Dinev, Dejan"]
[Result "1/2-1/2"]
[WhiteElo "2099"]
[BlackElo "2312"]
[PlyCount "76"]
[EventDate "2008.09.08"]
[EventType "swiss"]
[EventRounds "9"]
[EventCountry "BUL"]
[SourceTitle "CBM 126 Extra"]
[Source "ChessBase"]
[SourceDate "2008.11.05"]
[SourceVersion "1"]
[SourceVersionDate "2008.11.05"]
[SourceQuality "1"]

1. e4 c5 2. Nf3 Nc6 3. d4 cxd4 4. Nxd4 Nf6 5. Nc3 d6 6. Bc4 e5 7. Nde2 Be7 8. Bg5 Be6 9. Bb3 a6 10. Qd3 Qc7 11. 0-0 Rd8 12. Bxf6 Bxf6 13. Nd5 Bxd5 14. Qxd5 Nd4 15. Ng3 0-0 16. c3 Ne6 17. Ne2 Bg5 18. Rad1 Rd7 19. g3 Rfd8 20. f4 exf4 21. gxf4 Bf6 22. Ng3 g6 23. f5 Qb6+ 24. Kh1 Nc7 25. Qd2 d5 26. fxg6 hxg6 27. Qf4 Bg7 28. exd5 Ne8 29. Ne4 Nd6 30. Nf6+ Bxf6 31. Qxf6 Qe3 32. Rde1 Qh3 33. Rf3 Qh5 34. Rf4 Qh8 35. Qg5 Qg7 36. Rf2 Kh7 37. Rf3 Qh6 38. Qf6 Qg7 1/2-1/2

[Event "Teteven op 23rd"]
[Site "Teteven"]
[Date "2008.08.18"]
[Round "3"]
[White "Janakiev, Ivan"]
[Black "Ivanov L, Stojan"]
[Result "1-0"]
[WhiteElo "2258"]
[BlackElo "2099"]
[PlyCount "93"]
[EventDate "2008.08.16"]
[EventType "swiss"]
[EventRounds "9"]
[EventCountry "BUL"]
[SourceTitle "CBM 126 Extra"]
[Source "ChessBase"]
[SourceDate "2008.11.05"]
[SourceVersion "1"]
[SourceVersionDate "2008.11.05"]
[SourceQuality "1"]

1. d4 d5 2. c4 c6 3. Nc3 Nf6 4. Nf3 dxc4 5. e3 b5 6. a4 b4 7. Na2 a5 8. Bxc4 e6 9. 0-0 Nbd7 10. Bd2 Be7 11. Nc1 0-0 12. Nb3 Bb7 13. Qe2 c5 14. Rfd1 Qb6 15. Be1 Rfd8 16. Nfd2 Rac8 17. f3 Qa7 18. Bf2 cxd4 19. Nxd4 Ne5 20. Bb5 Bc5 21. N2b3 Bb6 22. Rac1 Qa8 23. e4 Rxc1 24. Rxc1 Qa7 25. Rd1 Ng6 26. Rd2 Nf4 27. Qe1 g5 28. Nc2 Rc8 29. Bxb6 Qxb6+ 30. Qe3 Qc7 31. Ncd4 h6 32. Rc2 Qd8 33. Rxc8 Bxc8 34. Qc1 Bb7 35. Qc5 g4 36. Bf1 gxf3 37. gxf3 Nd7 38. Qxa5 Qf6 39. Qxb4 Qg5+ 40. Kh1 Ba6 41. Qe1 Nc5 42. Nd2 Kh7 43. Qg3 Bxf1 44. Qxg5 hxg5 45. Nxf1 Nfd3 46. b3 Nb4 47. Nd2 1-0

[Event "EU-ch 9th"]
[Site "Plovdiv"]
[Date "2008.04.30"]
[Round "9"]
[White "Tzouganakis, Panteleimon"]
[Black "Ivanov L, Stojan"]
[Result "1/2-1/2"]
[WhiteElo "1900"]
[BlackElo "2129"]
[PlyCount "103"]
[EventDate "2008.04.21"]
[EventType "swiss"]
[EventRounds "11"]
[EventCountry "BUL"]
[SourceTitle "CBM 124"]
[Source "ChessBase"]
[SourceDate "2008.05.28"]
[SourceVersion "1"]
[SourceVersionDate "2008.05.28"]
[SourceQuality "1"]

1. e4 c5 2. Nf3 d6 3. d4 cxd4 4. Nxd4 Nf6 5. Nc3 a6 6. Be3 e5 7. Nb3 Be6 8. Be2 Be7 9. 0-0 0-0 10. a4 Nbd7 11. a5 Rc8 12. f3 Qc7 13. Qd2 Rfd8 14. Rfd1 d5 15. exd5 Nxd5 16. Nxd5 Bxd5 17. Qxd5 Nf6 18. Qc4 Rxd1+ 19. Rxd1 Qxc4 20. Bxc4 Rxc4 21. c3 Kf8 22. Kf2 Ke8 23. Ke2 Rc6 24. Rd2 Nd7 25. Rd3 Bd6 26. Nd2 f5 27. Nc4 Bc7 28. b3 Ke7 29. Rd1 Nc5 30. Nd2 Nd7 31. Nc4 Ke6 32. Kd2 Nf6 33. Kc2 Ne8 34. Bb6 Nd6 35. Nxd6 Bxd6 36. c4 Be7 37. Kc3 Rd6 38. Rxd6+ Kxd6 39. b4 Kc6 40. Be3 Bd6 41. c5 Be7 42. Kc4 Bh4 43. g3 Bf6 44. Bd2 e4 45. f4 h6 46. h4 g6 47. Be3 Bd8 48. Bd2 Bf6 49. Be3 Bb2 50. Bd2 Bf6 51. Be3 Bb2 52. Bd2 1/2-1/2

[Event "EU-ch 9th"]
[Site "Plovdiv"]
[Date "2008.04.22"]
[Round "2"]
[White "Kapnisis, Spyridon"]
[Black "Ivanov L, Stojan"]
[Result "1-0"]
[WhiteElo "2412"]
[BlackElo "2129"]
[PlyCount "57"]
[EventDate "2008.04.21"]
[EventType "swiss"]
[EventRounds "11"]
[EventCountry "BUL"]
[SourceTitle "CBM 124"]
[Source "ChessBase"]
[SourceDate "2008.05.28"]
[SourceVersion "1"]
[SourceVersionDate "2008.05.28"]
[SourceQuality "1"]

1. e4 c5 2. Nf3 d6 3. d4 cxd4 4. Nxd4 Nf6 5. Nc3 a6 6. Be3 e5 7. Nb3 Be6 8. f4 exf4 9. Bxf4 Nc6 10. Qe2 Be7 11. h3 0-0 12. 0-0-0 Qc7 13. Kb1 b5 14. g4 Ne5 15. g5 Nfd7 16. Nd5 Bxd5 17. exd5 Nb6 18. Bg2 Rac8 19. Nd4 Rfe8 20. Qf2 Bf8 21. Nc6 Nbc4 22. Bc1 Na5 23. h4 Naxc6 24. dxc6 Nxc6 25. h5 Ne5 26. g6 hxg6 27. hxg6 Nxg6 28. Bd5 Re7 29. Qh2 1-0

[Event "EU-ch 9th"]
[Site "Plovdiv"]
[Date "2008.04.21"]
[Round "1"]
[White "Ivanov L, Stojan"]
[Black "Kharitonov, Alexandr"]
[Result "0-1"]
[WhiteElo "2129"]
[BlackElo "2526"]
[PlyCount "102"]
[EventDate "2008.04.21"]
[EventType "swiss"]
[EventRounds "11"]
[EventCountry "BUL"]
[SourceTitle "CBM 124"]
[Source "ChessBase"]
[SourceDate "2008.05.28"]
[SourceVersion "1"]
[SourceVersionDate "2008.05.28"]
[SourceQuality "1"]

1. e4 c6 2. d4 d5 3. e5 Bf5 4. Nf3 e6 5. Be2 Nd7 6. 0-0 Ne7 7. Nbd2 h6 8. Nb3 Bh7 9. a4 Rc8 10. a5 a6 11. c3 Qc7 12. Bf4 c5 13. Nxc5 Nxc5 14. dxc5 Ng6 15. Be3 Bxc5 16. Bxc5 Qxc5 17. Qa4+ Qc6 18. Qg4 Qc7 19. Rfe1 0-0 20. Bf1 Ne7 21. Nd4 Nf5 22. Nxf5 Bxf5 23. Qd4 Qc5 24. Qxc5 Rxc5 25. f3 Rd8 26. Ra4 Rd7 27. Rea1 f6 28. f4 g5 29. g3 Kf7 30. Kf2 d4 31. Rd1 fxe5 32. fxe5 d3 33. Rd4 Rxd4 34. cxd4 Rc2+ 35. Ke3 Rxb2 36. Bxd3 Rb3 37. g4 Bxg4 38. Rd2 Bf5 39. Ke2 Bxd3+ 40. Rxd3 Rxd3 41. Kxd3 h5 42. Ke3 Ke7 43. Kf3 Kd7 44. Ke3 Kc7 45. Ke4 b5 46. axb6+ Kxb6 47. d5 Kc7 48. d6+ Kd7 49. Kd4 a5 50. Kc5 g4 51. Kb5 h4 0-1

[Event "Sofia Grigorov Memorial 6th"]
[Site "Sofia"]
[Date "2008.01.10"]
[Round "6"]
[White "Ivanov L, Stojan"]
[Black "Grigorov, Grigor"]
[Result "0-1"]
[WhiteElo "2138"]
[BlackElo "2463"]
[PlyCount "56"]
[EventDate "2008.01.06"]
[EventType "swiss"]
[EventRounds "7"]
[EventCountry "BUL"]
[SourceTitle "CBM 122 Extra"]
[Source "ChessBase"]
[SourceDate "2008.03.04"]
[SourceVersion "1"]
[SourceVersionDate "2008.03.04"]
[SourceQuality "1"]

1. e4 c5 2. Nf3 d6 3. d4 Nf6 4. Nc3 cxd4 5. Nxd4 a6 6. Bc4 e6 7. Bb3 b5 8. Bg5 Be7 9. Qf3 Qb6 10. 0-0-0 Nbd7 11. e5 Bb7 12. Qg3 dxe5 13. Nf3 e4 14. Nd4 Nc5 15. f3 0-0-0 16. Be3 g6 17. fxe4 Nfxe4 18. Nxe4 Bxe4 19. Rhf1 Bd6 20. Qh3 Qc7 21. Rd2 Rd7 22. Rfd1 Nxb3+ 23. Nxb3 f5 24. Kb1 Rhd8 25. Bg5 Be7 26. Bxe7 Rxd2 27. Rxd2 Rxd2 28. Nxd2 Qxc2+ 0-1

[Event "EU-ch U16 17th"]
[Site "Sibenik"]
[Date "2007.09.21"]
[Round "8"]
[White "Silva, Miguel Alexandre Go"]
[Black "Ivanov L, Stojan"]
[Result "1/2-1/2"]
[WhiteElo "1999"]
[BlackElo "2149"]
[PlyCount "43"]
[EventDate "2007.09.14"]
[EventType "swiss"]
[EventRounds "9"]
[EventCountry "CRO"]
[SourceTitle "CBM 120 Extra"]
[Source "ChessBase"]
[SourceDate "2007.11.01"]
[SourceVersion "1"]
[SourceVersionDate "2007.11.01"]
[SourceQuality "1"]

1. e4 c5 2. Nf3 d6 3. d4 cxd4 4. Qxd4 Nc6 5. Bb5 Bd7 6. Bxc6 Bxc6 7. Nc3 Nf6 8. Bg5 e6 9. 0-0-0 Be7 10. Rhe1 Qa5 11. Nd5 Bxd5 12. exd5 Qxa2 13. Re3 e5 14. Nxe5 dxe5 15. Qxe5 0-0 16. Qxe7 Nxd5 17. Qa3 Qc4 18. Rg3 Nf4 19. Bxf4 Qxf4+ 20. Qe3 Qf5 21. Qg5 Qg6 22. Qe5 1/2-1/2

[Event "EU-ch U16 17th"]
[Site "Sibenik"]
[Date "2007.09.19"]
[Round "6"]
[White "Ivanov L, Stojan"]
[Black "Kanmazalp, Ogulcan"]
[Result "0-1"]
[WhiteElo "2149"]
[BlackElo "2093"]
[PlyCount "124"]
[EventDate "2007.09.14"]
[EventType "swiss"]
[EventRounds "9"]
[EventCountry "CRO"]
[SourceTitle "CBM 120 Extra"]
[Source "ChessBase"]
[SourceDate "2007.11.01"]
[SourceVersion "1"]
[SourceVersionDate "2007.11.01"]
[SourceQuality "1"]

1. e4 c5 2. Nf3 e6 3. d4 cxd4 4. Nxd4 Nf6 5. Nc3 Nc6 6. Ndb5 Bb4 7. a3 Bxc3+ 8. Nxc3 d5 9. exd5 exd5 10. Bd3 0-0 11. 0-0 d4 12. Ne2 Bg4 13. Bg5 Qd6 14. Qd2 Bxe2 15. Qxe2 Rfe8 16. Qf3 Ne5 17. Qg3 Qb6 18. Bxf6 Qxf6 19. Rfe1 Nxd3 20. Qxd3 Qb6 21. b3 Rac8 22. h3 g6 23. Rxe8+ Rxe8 24. Rd1 Rc8 25. Qe4 Qc6 26. Qxc6 Rxc6 27. Rd2 b5 28. Kf1 Rc3 29. Ke2 d3+ 30. Rxd3 Rxc2+ 31. Rd2 Rc3 32. Rd3 Rc2+ 33. Rd2 Rc3 34. Rb2 a5 35. Kd2 b4 36. axb4 axb4 37. Rc2 Rxb3 38. Rc8+ Kg7 39. Kc2 Ra3 40. Kb2 Rd3 41. Kc2 Rd4 42. Rc6 h5 43. Rb6 f6 44. Rc6 g5 45. Kb3 Kg6 46. Kc2 Rf4 47. f3 Rd4 48. Rc5 g4 49. hxg4 hxg4 50. Rb5 f5 51. fxg4 Rxg4 52. Kd1 Re4 53. Kd2 Kg5 54. Rb8 Kf4 55. Rb5 Kg4 56. Kd3 Rf4 57. Ke3 Kg3 58. Re5 Rf1 59. Ke2 Rf2+ 60. Ke1 Kxg2 61. Re8 Kf3 62. Rb8 Rb2 0-1

[Event "EU-ch U16 17th"]
[Site "Sibenik"]
[Date "2007.09.17"]
[Round "4"]
[White "Ivanov L, Stojan"]
[Black "Jorczik, Julian Marcel"]
[Result "1/2-1/2"]
[WhiteElo "2149"]
[BlackElo "2333"]
[PlyCount "133"]
[EventDate "2007.09.14"]
[EventType "swiss"]
[EventRounds "9"]
[EventCountry "CRO"]
[SourceTitle "CBM 120 Extra"]
[Source "ChessBase"]
[SourceDate "2007.11.01"]
[SourceVersion "1"]
[SourceVersionDate "2007.11.01"]
[SourceQuality "1"]

1. e4 c5 2. Nf3 Nc6 3. d4 cxd4 4. Nxd4 Qb6 5. Nb3 Nf6 6. Nc3 e6 7. Be3 Qc7 8. Bd3 d6 9. 0-0 a6 10. f4 Be7 11. Qf3 0-0 12. Qg3 b5 13. Rae1 Nd7 14. Qh3 Nb4 15. Rc1 Qb8 16. Nd4 Nc5 17. Be2 Bf6 18. Qg3 Qc7 19. a3 Nc6 20. Nxc6 Bxc3 21. Bxc5 Qxc6 22. Qxc3 Qxc5+ 23. Qxc5 dxc5 24. Bf3 Bb7 25. Rcd1 Rfd8 26. Kf2 f6 27. e5 Bxf3 28. Kxf3 fxe5 29. fxe5 Kf7 30. Ke4+ Ke7 31. c3 a5 32. b3 b4 33. axb4 cxb4 34. c4 Rxd1 35. Rxd1 a4 36. bxa4 Rxa4 37. Rb1 Kd7 38. Rb2 Kc6 39. Kd4 h5 40. Rf2 Ra7 41. Rf8 Rb7 42. Rc8+ Rc7 43. Rb8 Rd7+ 44. Ke3 Rb7 45. Rc8+ Rc7 46. Re8 Kd7 47. Rg8 Rxc4 48. Rxg7+ Kc6 49. Rg8 Kd5 50. Rh8 Rg4 51. g3 Kc4 52. Rc8+ Kb3 53. Kd3 h4 54. gxh4 Rxh4 55. Rc6 Rh6 56. h4 Kb2 57. Rb6 b3 58. h5 Rxh5 59. Rxe6 Rh3+ 60. Ke4 Kc2 61. Rb6 Rh4+ 62. Kd5 Kc3 63. Rc6+ Kd3 64. Rb6 Rd4+ 65. Kc5 Rc4+ 66. Kd6 Kc3 67. e6 1/2-1/2

[Event "EU-ch U16 17th"]
[Site "Sibenik"]
[Date "2007.09.14"]
[Round "1"]
[White "Onischuk, Vladimir"]
[Black "Ivanov L, Stojan"]
[Result "1-0"]
[WhiteElo "2506"]
[BlackElo "2149"]
[PlyCount "141"]
[EventDate "2007.09.14"]
[EventType "swiss"]
[EventRounds "9"]
[EventCountry "CRO"]
[SourceTitle "CBM 120 Extra"]
[Source "ChessBase"]
[SourceDate "2007.11.01"]
[SourceVersion "1"]
[SourceVersionDate "2007.11.01"]
[SourceQuality "1"]

1. e4 c5 2. Nf3 d6 3. d4 cxd4 4. Nxd4 Nf6 5. Nc3 a6 6. f3 e5 7. Nb3 Be6 8. Be3 Be7 9. Qd2 Nbd7 10. g4 0-0 11. 0-0-0 b5 12. g5 b4 13. Ne2 Ne8 14. f4 a5 15. f5 a4 16. Nbd4 exd4 17. Nxd4 b3 18. a3 bxc2 19. Re1 Nc5 20. fxe6 fxe6 21. Bc4 Qd7 22. Qxc2 Rc8 23. Kb1 Kh8 24. Rc1 Nc7 25. Rhd1 Qe8 26. h4 Rb8 27. Re1 Rd8 28. Bg1 Qd7 29. Rcd1 Qe8 30. Bh2 Rc8 31. Qg2 Qf7 32. Nf5 Rfd8 33. Rf1 Qe8 34. Nxd6 Bxd6 35. Rxd6 Rxd6 36. Bxd6 Qc6 37. Bxc5 Qxc5 38. Qf2 Qd6 39. h5 Rb8 40. Ka2 Rd8 41. h6 Qe5 42. hxg7+ Qxg7 43. Qf6 Rb8 44. e5 Re8 45. Rh1 Rf8 46. Qxg7+ Kxg7 47. Bd3 Rh8 48. Rh6 Nd5 49. Rxe6 Nf4 50. Re7+ Kf8 51. Rxh7 Rg8 52. Bc4 Rg7 53. Rxg7 Kxg7 54. Bb5 Kg6 55. Bxa4 Kxg5 56. Bc2 Ne6 57. b4 Nd4 58. Bb3 Kf5 59. e6 Kf6 60. Bc4 Ke7 61. Kb2 Nf5 62. Kc3 Nd6 63. a4 Nc8 64. a5 Kd6 65. Kd4 Ne7 66. b5 Nf5+ 67. Ke4 Ne7 68. b6 Kc6 69. Ke5 Kc5 70. Kf6 Kd6 71. a6 1-0

[Event "Kesarovski Georgiev Memorial 4th"]
[Site "Sunny Beach"]
[Date "2005.09.18"]
[Round "3"]
[White "Stoinev, Metodi"]
[Black "Ivanov L, Stojan"]
[Result "1-0"]
[WhiteElo "2285"]
[BlackElo "2081"]
[PlyCount "157"]
[EventDate "2005.09.16"]
[EventType "swiss"]
[EventRounds "9"]
[EventCountry "BUL"]
[SourceTitle "CBM 108 Extra"]
[Source "ChessBase"]
[SourceDate "2005.11.04"]
[SourceVersion "1"]
[SourceVersionDate "2005.11.04"]
[SourceQuality "1"]

1. e4 c5 2. Nf3 d6 3. d4 cxd4 4. Nxd4 Nf6 5. Nc3 a6 6. h3 e6 7. g4 h6 8. Bg2 Qc7 9. a4 Nc6 10. 0-0 Bd7 11. Nde2 Rc8 12. b3 Be7 13. Ba3 0-0 14. Qd2 Rfd8 15. Rad1 d5 16. Bxe7 Nxe7 17. exd5 Nexd5 18. Nxd5 Nxd5 19. c4 Nf6 20. Qb4 Bc6 21. Qc5 Rd7 22. Nc3 Qb8 23. Rxd7 Bxg2 24. Qe7 Nxd7 25. Kxg2 Qc7 26. Ne4 Nc5 27. Qxc5 Qxc5 28. Nxc5 Rxc5 29. Rd1 Rc6 30. Rd8+ Kh7 31. a5 Rc7 32. Kf3 Kg6 33. Ke4 Kf6 34. Rg8 Rd7 35. b4 e5 36. Rc8 Rd4+ 37. Ke3 Rd7 38. Rc5 Ke6 39. b5 g6 40. f4 exf4+ 41. Kxf4 Rd4+ 42. Ke3 Rd8 43. Ke4 f6 44. h4 axb5 45. Rxb5 Rd7 46. h5 gxh5 47. gxh5 Rc7 48. Rb6+ Kf7 49. Kd5 Ke7 50. Re6+ Kf7 51. Rb6 Ke7 52. c5 Rd7+ 53. Kc4 Rc7 54. Rb1 Kf7 55. Rd1 Ke7 56. Rd6 Kf7 57. Kb5 Re7 58. Kb6 Kg7 59. c6 bxc6 60. Rxc6 Re1 61. a6 Rb1+ 62. Kc7 Ra1 63. Kb7 f5 64. a7 Rxa7+ 65. Kxa7 f4 66. Kb6 f3 67. Rc3 Kf6 68. Rxf3+ Kg5 69. Rg3+ Kxh5 70. Kc5 Kh4 71. Rg8 h5 72. Kd4 Kh3 73. Ke3 h4 74. Kf3 Kh2 75. Rh8 Kh3 76. Rh7 Kh2 77. Rxh4+ Kg1 78. Rh8 Kf1 79. Rh1# 1-0